Подробности
| 000 -МАРКЕР |
| контрольное поле |
04083nam0a2200421 4500 |
| 001 - ИДЕНТИФИКАТОР ЗАПИСИ |
| контрольное поле |
RU\NLR\BIBL_A\016223821 |
| 005 - ИДЕНТИФИКАТОР ВЕРСИИ |
| контрольное поле |
20230127152803.0 |
| 010 ## - МЕЖДУНАРОДНЫЙ СТАНДАРТНЫЙ НОМЕР КНИГИ (ISBN) |
| Номер (ISBN) |
978-5-9275-4169-0 |
| Тираж |
300 |
| 021 ## - НОМЕР ГОСУДАРСТВЕННОЙ РЕГИСТРАЦИИ |
| Код страны |
Российская Федерация |
| Номер |
КН-П-22-078679 |
| Номер Листа государственной регистраци |
КН-П-22-6887 |
| 035 ## - ДРУГИЕ СИСТЕМНЫЕ НОМЕРА |
| Идентификатор записи |
(NLR Aleph) 016223821 |
| 035 ## - ДРУГИЕ СИСТЕМНЫЕ НОМЕРА |
| Идентификатор записи |
(RuMoRGB)011350295 |
| 100 ## - ДАННЫЕ ОБЩЕЙ ОБРАБОТКИ |
| Данные общей обработки |
20221130d2022 k y0rusy50 ca |
| 101 0# - ЯЗЫК РЕСУРСА |
| Язык текста, звукозаписи и т.д. |
русский |
| -- |
английский |
| 102 ## - СТРАНА ПУБЛИКАЦИИ ИЛИ ПРОИЗВОДСТВА |
| Страна публикации |
Российская Федерация |
| 105 ## - ПОЛЕ КОДИРОВАННЫХ ДАННЫХ: ТЕКСТОВЫЕ МАТЕРИАЛЫ, МОНОГРАФИЧЕСКИЕ |
| Кодированные данные о монографическом текстовом документе |
|||z|||100zy |
| 181 #0 - ПОЛЕ КОДИРОВАННЫХ ДАННЫХ: ВИД СОДЕРЖАНИЯ |
| Код вида содержания (ISBD) |
i3 |
| Код характеристики содержания (ISBD) |
axxe |
| 182 #0 - ПОЛЕ КОДИРОВАННЫХ ДАННЫХ: ТИП СРЕДСТВА |
| Код типа средства (ISBD) |
n - непосредственное |
| 200 1# - ЗАГЛАВИЕ И СВЕДЕНИЯ ОБ ОТВЕТСТВЕННОСТИ |
| Основное заглавие |
Мониторинг, охрана и восстановление почвенных экосистем в условиях антропогенной нагрузки |
| Сведения, относящиеся к заглавию |
материалы Международной молодежной научной школы [проходившей в рамках Международного форума "Степная Евразия - устойчивое развитие"], Ростов-на-Дону, 27-30 сентября 2022 г. |
| Первые сведения об ответственности |
Министерство науки и высшего образования Российской Федерации, Федеральное государственное бюджетное образовательное учреждение высшего образования "Южный федеральный университет" |
| Последующие сведения об ответственности |
главный редактор: доктор биологических наук, профессор Т. М. Минкина |
| 203 ## - ВИД СОДЕРЖАНИЯ И ТИП СРЕДСТВА |
| Вид содержания |
Текст |
| Дополнительные сведения об издании |
визуальный |
| Тип средства |
непосредственный |
| 210 ## - ПУБЛИКАЦИЯ, РАСПРОСТРАНЕНИЕ И ДР. |
| Место издания, распространения и т.д. |
Ростов-на-Дону |
| -- |
Таганрог |
| Имя издателя, распространителя и т. д. |
Изд-во Южного федерального университета |
| Дата издания, распространения и т.д. |
2022 |
| 215 ## - ФИЗИЧЕСКАЯ ХАРАКТЕРИСТИКА |
| Специфическое обозначение материала и объем |
632, [11] с. |
| Другие сведения о физической характеристике |
ил., табл. |
| Размеры |
21 |
| 300 ## - ОБЩИЕ ПРИМЕЧАНИЯ |
| Текст примечания |
На обл. подзаг.: международная молодежная научная школа: в рамках Международного форума "Степная Евразия - устойчивое развитие": сборник материалов конференции, Ростов-на-Дону, 27-30 сентября 2022 |
| 300 ## - ОБЩИЕ ПРИМЕЧАНИЯ |
| Текст примечания |
Часть текста англ. |
| 320 ## - ПРИМЕЧАНИЯ О НАЛИЧИИ В ДОКУМЕНТЕ БИБЛИОГРАФИИ / УКАЗАТЕЛЯ |
| Текст примечания |
Библиогр. в конце ст. |
| 330 ## - РЕЗЮМЕ ИЛИ РЕФЕРАТ |
| Текст примечания |
Представлены материалы Международной молодежной научной школы "Мониторинг, охрана и восстановление почвенных экосистем в условиях антропогенной нагрузки". Публикуемые материалы представляют интерес для специалистов в области почвоведения, экологии, биологии, географии, сельского хозяйства и охраны окружающей среды |
| 606 1# - НАИМЕНОВАНИЕ ТЕМЫ КАК ПРЕДМЕТ |
| Наименование темы |
Экологические системы почвенные |
| Формальный подзаголовок |
Съезды, совещания и т.п |
| Тематический подзаголовок |
Влияние антропических факторов |
| Системный номер авторитетной/нормативной записи |
2149578 |
| Идентификатор авторитетной/нормативной записи |
RU\NLR\AUTH\661599402 |
| 675 ## - УНИВЕРСАЛЬНАЯ ДЕСЯТИЧНАЯ КЛАССИФИКАЦИЯ (UDC/УДК) |
| Индекс |
631.4:502.65(082) |
| Издание |
4 |
| 686 1# - ИНДЕКСЫ ДРУГИХ КЛАССИФИКАЦИЙ |
| Индекс |
П035.8я431(0) |
| 702 #1 - ИМЯ ЛИЦА - ВТОРИЧНАЯ ОТВЕТСТВЕННОСТЬ |
| Начальный элемент ввода |
Минкина |
| Часть имени, кроме начального элемента ввода |
Т. М. |
| Расширение инициалов личного имени |
Татьяна Михайловна |
| Код отношения |
Редактор |
| 711 12 - НАИМЕНОВАНИЕ ОРГАНИЗАЦИИ - АЛЬТЕРНАТИВНАЯ ОТВЕТСТВЕННОСТЬ |
| Начальный элемент ввода |
"Мониторинг, охрана и восстановление почвенных экосистем в условиях антропогенной нагрузки", международная молодежная научная школа |
| Место проведения временной организации |
Ростов-на-Дону |
| Дата проведения временной организации |
2022 |
| Системный номер авторитетной/нормативной записи |
824432 |
| Идентификатор авторитетной/нормативной записи |
RU\NLR\AUTH\880579399 |
| 711 12 - НАИМЕНОВАНИЕ ОРГАНИЗАЦИИ - АЛЬТЕРНАТИВНАЯ ОТВЕТСТВЕННОСТЬ |
| Начальный элемент ввода |
"Степная Евразия - устойчивое развитие", международный форум |
| Место проведения временной организации |
Ростов-на-Дону |
| Дата проведения временной организации |
2022 |
| Системный номер авторитетной/нормативной записи |
824434 |
| Идентификатор авторитетной/нормативной записи |
RU\NLR\AUTH\880579400 |
| 712 02 - НАИМЕНОВАНИЕ ОРГАНИЗАЦИИ - ВТОРИЧНАЯ ОТВЕТСТВЕННОСТЬ |
| Код отношения |
Организатор конференции |
| Начальный элемент ввода |
Южный федеральный университет |
| Идентифицирующий признак |
Ростов-на-Дону |
| Системный номер авторитетной/нормативной записи |
683115 |
| Идентификатор авторитетной/нормативной записи |
RU\NLR\AUTH\8810090930 |
| 942 ## - ДОПОЛНИТЕЛЬНЫЕ ЭЛЕМЕНТЫ ЗАПИСИ (АБИС) |
| Тип экземпляра АБИС |
Книга |
| 980 ## - КОЛЛЕКЦИЯ |
| Название коллекции |
Национальная библиография |